No - Megan Trainor lyrics - Statistics

General Stats
  • This quiz has been taken 31 times
  • The average score is 252 of 354
Answer Stats
Hint Answer % Correct
no,
100%
no
100%
(no,
100%
no)
100%
a
96%
intro I
96%
is
96%
it
96%
chorus my
96%
number
91%
go,
87%
go
87%
go)
87%
(go
87%
in
87%
let
87%
me
87%
name
87%
sign
87%
to
87%
you
87%
your
83%
and
78%
need
78%
that
78%
the
78%
the,
78%
pre chorus 1 | pre chorus 2 all
74%
(all
74%
boy
74%
don’t
74%
if
74%
I’m
74%
(I’m
74%
it’s
74%
oh,
74%
so
74%
then
74%
ain’t
70%
(ain’t
70%
but
70%
ladies,
70%
ladies)
70%
lips
70%
listen
70%
say
70%
think
70%
up
70%
up)
70%
be
65%
dance
65%
giving
65%
gotta
65%
hands
65%
hips
65%
lick
65%
man,
65%
man
65%
over
65%
priority
65%
sweet
65%
bridge untouchable,
65%
untouchable
65%
(untouchable)
65%
wanna
65%
along
61%
before
61%
came
61%
cute
61%
get
61%
like
61%
nah
61%
(nah
61%
never
61%
not
61%
should
61%
swing
61%
verse 2 thank
61%
want
61%
was
61%
zone
61%
zone,
61%
advance,
57%
blah,
57%
blah
57%
friends
57%
Girl,
57%
girl,
57%
personal
57%
take
57%
thinking
57%
ah
52%
ah,
52%
(ah,
52%
beautiful,
52%
every
52%
game
52%
girls
52%
how
52%
I’ma
52%
now
52%
original
52%
other
52%
stop
52%
there,
52%
this
52%
call
48%
feeling)
48%
feeling
48%
maybe
48%
runnin’
48%
speak
48%
talk
48%
telling
48%
word
48%
encourage
43%
gonna
43%
try
43%
believing
39%
verse 1 first
39%
uh
30%
(uh,
30%
(hey)
22%
(hey,
22%
hey,
22%
hey)
22%
please,
13%
away
9%
babe)
9%
let’s
9%
(nope)
9%
(woo)
9%
No matching quizzes found
Score Distribution
Percent of People with Each Score
Percentile by Number Answered
Your Score History
You have not taken this quiz